| 000 | 00414nam a2200205Ia 4500 | ||
|---|---|---|---|
| 001 | 004290 | ||
| 003 | YMCAF | ||
| 005 | 20230512160255.0 | ||
| 008 | 100717s1971 ||||||||||||||||| ||und|d | ||
| 024 | _a4290 | ||
| 035 | _a4289 | ||
| 040 |
_aYMCAF _beng _cIN-KoLT |
||
| 041 | _aeng | ||
| 082 | _aMAN-GE4 | ||
| 100 | _aGEORGE C.S. | ||
| 245 | 0 | _aMANAGEMENT | |
| 260 | _c1971 | ||
| 300 | _a906 | ||
| 942 |
_2ddc _cBK |
||
| 999 |
_c3433 _d3433 |
||